Cerrado por melancolía /
Guardado en:
| Autor Principal: | |
|---|---|
| Formato: | Libro |
| Publicado: |
Buenos Aires :
Círculo de Lectores,
1981
|
| Materias: | |
| Etiquetas: |
Agregar Etiqueta
Sin Etiquetas, Sea el primero en etiquetar este registro!
|
| LEADER | 00583nam a22002055a 4500 | ||
|---|---|---|---|
| 001 | CEM.cems001072 | ||
| 005 | 20101123114121.0 | ||
| 008 | 130507s1981##################000#0#####d | ||
| 003 | CEMS | ||
| 020 | |a 95000045 | ||
| 082 | 0 | 4 | |a A868.4 |
| 100 | 1 | |a Blaisten, Isidoro | |
| 245 | 1 | 0 | |a Cerrado por melancolía / |c Isidoro Blaisten |
| 260 | |a Buenos Aires : |b Círculo de Lectores, |c 1981 | ||
| 300 | |a 128 p. | ||
| 653 | |a Literatura | ||
| 653 | |a Literatura argentina | ||
| 653 | |a Cuentos | ||
| 653 | |a Cuento argentino-siglo 20 | ||
| 859 | |a CEMS |b BIB. CEMS - 11 de abril |h A868.4 |i B576 |p 15280.88 |t Ej.1 | ||
